|
|
|
|
| LEADER |
00000ny a22000003n 4500 |
| 005 |
20110606111411.0 |
| 008 |
981103s1992 sp s 000 0 spa c |
| 017 |
|
|
|a Z2066-1992
|
| 020 |
|
|
|a 8476982127
|
| 035 |
|
|
|a 1123
|
| 040 |
|
|
|a UMA.DER
|d vLex
|
| 040 |
|
|
|a UMA.RE
|d vLex
|
| 080 |
|
|
|a 347.2(460)
|
| 080 |
|
|
|a 347.466(460)
|
| 090 |
|
|
|c 477
|d 477
|
| 100 |
1 |
|
|a Cano Martn̕ez de Velasco, Jos ̌Ignacio
|
| 245 |
1 |
3 |
|a La posesin̤, el usufructo y la prenda de derechos
|h [Recurso electrn̤ico]
|c Jos ̌Ignacio Cano Martn̕ez de Velasco
|
| 256 |
|
|
|a Servicio en ln̕ea
|
| 260 |
|
|
|a Barcelona :
|b Jos ̌Mara̕ Bosch,
|c 1992
|
| 300 |
|
|
|a 135 p. ;
|c 24 cm
|
| 504 |
|
|
|a Bibliografa̕:p.131-135
|
| 504 |
|
|
|a Índice
|
| 506 |
1 |
|
|a Contenido solo disponible en los productos indicados
|d vLex Global
|d vLex Global (Academic Edition, excluding Law Schools)
|d vLex Global (U.S. Academic Edition, Law Schools)
|d vLex Global (U.S. Academic Edition, excluding Law Schools)
|d vLex Global (Academic Edition, Law Schools)
|
| 650 |
0 |
7 |
|a Posesin̤
|2 Tesauro vLex
|
| 650 |
0 |
7 |
|a Inmobiliario y registral
|2 Tesauro vLex
|
| 650 |
0 |
7 |
|a Derecho de usufructo
|2 Tesauro vLex
|
| 650 |
0 |
7 |
|a Prenda
|2 Tesauro vLex
|
| 650 |
0 |
7 |
|a Usufructo
|2 Tesauro vLex
|
| 740 |
0 |
|
|a vLex Libros (Servicios en ln̕ea)
|
| 856 |
4 |
0 |
|u http://vlex.com/source/1123
|z Acceso restringido
|
| 942 |
|
|
|c BOOK
|
| 999 |
0 |
|
|a Real property
|b Barcelona
|